| 000 | 00693nam a22002297a 4500 | ||
|---|---|---|---|
| 003 | OSt | ||
| 005 | 20260417152628.0 | ||
| 008 | 260417b |||||||| |||| 00| 0 eng d | ||
| 020 | _a978-81-87171-18-8 | ||
| 037 | _cTextbook | ||
| 040 |
_aFEDL _beng _cFEDL |
||
| 041 |
_ahin _hhin |
||
| 082 | _a305.4 GUP/R | ||
| 100 |
_aGupta, Anu _91234664 |
||
| 245 |
_aBeti kare sawal: _bKishoriyion evam mahilaon ke liye jaruri kitaab [Hindi]/ _cby Anu Gupta |
||
| 260 |
_aBhopal _bEklavya Foundation _c(c) 2021; 7th reprint, 2024 |
||
| 300 | _a84p. | ||
| 365 |
_aINR _b140.00 |
||
| 650 | _aWOMEN SOCIOLOGY | ||
| 942 |
_2ddc _cTB _h305.4 GUP/R _n0 |
||
| 999 |
_c1848308 _d1848308 |
||